000 00327nam a2200157Ia 4500
100 _aThampi/G.T
650 _aJava
942 _cBK
366 _f25
245 _aObject Oriented programming in Java
260 _bDream tech
_c2012
082 _a5.133
_bTHA
300 _a568
546 _aENGLISH
_cComputers
999 _c34254
_d34254